| 000 | 00372 a2200133 4500 | ||
|---|---|---|---|
| 005 | 20250627112957.0 | ||
| 020 | _a978-93-5084-768-8 | ||
| 082 | _a657KUM | ||
| 100 | _aSINGH, S. K. | ||
| 245 | _aCorporate Accounting: Theory and Practice, | ||
| 260 |
_aNew Delhi, _bCENTRUM PRESS, _c2015. |
||
| 300 |
_aviii, 328p,: ill.; figure _bBibliography & Index _c23cm |
||
| 942 |
_2ddc _cBKS |
||
| 999 |
_c5598 _d5598 |
||